| 000 | 00694nam a22002297a 4500 | ||
|---|---|---|---|
| 005 | 20250128125034.0 | ||
| 010 | _aENG-121478 ENG-143652 | ||
| 020 |
_a9789325987531 _c325.00 |
||
| 020 |
_a9789325987531 _c600.00 |
||
| 035 | _aEN-105010 | ||
| 035 | _aEN-127184 | ||
| 037 | _bDBAD | ||
| 082 | _a658.4092 | ||
| 100 |
_aMittal, Ranjana _977209 |
||
| 245 |
_aLeadership: _cby Ranjana Mittal _bPersonal effectiveness and team building/ |
||
| 250 | _a2nd ed. | ||
| 260 |
_aNoida _bVikas Publishing House _c2015,2024 |
||
| 270 |
_aE-28, Sector 8, _bNoida (UP) _e201301 |
||
| 300 |
_axiv,340p.: _c25cm(pbk) _bill |
||
| 500 | _aIncludes index | ||
| 942 |
_2ddc _cEN _h658.4092 _mMIT |
||
| 999 |
_c147563 _d147563 |
||